| 000 | 01979cam a22003974a 4500 | ||
|---|---|---|---|
| 001 | 1993 | ||
| 003 | FISKH9781416950820 | ||
| 005 | 20231024151114.0 | ||
| 008 | 031119s2005 nyua b 000 0beng | ||
| 010 | _a 2003025546 | ||
| 020 | _a0689856431 | ||
| 020 | _a9781416950820 | ||
| 040 |
_aDLC _cDLC _dDLC _beng |
||
| 042 |
_apcc _alcac |
||
| 043 |
_anwpr--- _an-us-pa |
||
| 050 | 0 | 0 |
_aGV865.C45 _bW56 2005 |
| 082 | 0 | 0 |
_a796.357/092 _aB _222 |
| 100 | 1 |
_aWinter, Jonah, _d1962- |
|
| 245 | 1 | 0 |
_aRoberto Clemente : _bpride of the Pittsburgh Pirates / _cby Jonah Winter ; illustrated by Raúl Colón. |
| 260 |
_aNew York : _bAladdin, _c2005. |
||
| 300 |
_a40 unnumbered pages : _bcolor illustrations ; _c28 cm |
||
| 505 | _aT | ||
| 520 | _aOn an island called Puerto Rico a boy named Roberto Clemente dreamed of nothing but winning at baseball. With no money -- but plenty of determination -- Clemente practiced on muddy fields with a glove made from a coffee sack. Little League became minor league, which turned into winter league...and, finally, he made it to the major leagues! With lightning speed, towering home runs, and grand slams, Clemente introduced himself to America. Spare, evocative language -- and magnificent illustrations -- tell the story of a great athlete and even greater man who rose through the ranks of baseball to become one of the most admired players of all time. | ||
| 521 | 8 |
_a800
_bLexile |
|
| 521 | 8 |
_aT
_bRaz-Plus |
|
| 600 | 1 | 0 |
_aClemente, Roberto, _d1934-1972 _vJuvenile literature. |
| 600 | 1 | 1 |
_aClemente, Roberto, _d1934-1972. |
| 610 | 2 | 0 |
_aPittsburgh Pirates (Baseball team) _vJuvenile literature. |
| 610 | 2 | 1 | _aPittsburgh Pirates (Baseball team) |
| 650 | 0 |
_aBaseball players _zPuerto Rico _vBiography _vJuvenile literature. |
|
| 650 | 1 | _aBaseball players. | |
| 650 | 1 |
_aPuerto Ricans _vBiography. |
|
| 700 | 1 |
_aColón, Raúl, _eillustrator |
|
| 906 |
_a7 _bcbc _corignew _d1 _eecip _f20 _gy-gencatlg |
||
| 942 |
_2ddc _cBK _n0 |
||
| 999 |
_c1993 _d1993 |
||